| 000 | 00649 a2200181 4500 | ||
|---|---|---|---|
| 999 |
_c10320 _d10320 |
||
| 020 | _a9781786438607 | ||
| 050 | _aKQC575MBA 2018 | ||
| 100 |
_a Mbaku, John M _d1950- _eauthor |
||
| 245 |
_aProtecting minority rights in African countries : _b a constitutional political economy approach _cJohn Mukum Mbaku |
||
| 264 |
_aCheltenham, UK : _bEdward Elgar, _c2018 |
||
| 300 | _axii, 351 pages ; 25 cm | ||
| 500 | _aIncludes bibliographical references Includes index | ||
| 650 |
_aMinorities _xLegal status, laws, etc. |
||
| 650 |
_aMinorities _xCivil rights |
||
| 650 | _aConstitutional law | ||
| 651 | _aAfrica. | ||
| 942 |
_2lcc _cBK _h575 _iMBA _kKQC |
||